| 000 | 00496nam a22001337a 4500 | ||
|---|---|---|---|
| 082 | _a200 THE | ||
| 100 |
_aMUHAMMAD HARIS AWAN _929303 |
||
| 245 | _aTH-SOF-1376-PSYCHOLOGICAL OWNERSHIP AS A PREDICTOR OF EMPLOYEE ENGAGEMENT AND WORKPLACE MOTIVATION IN OIL & GAS SECTOR OF PAKISTAN | ||
| 260 |
_aIslamabad _bNUST College of EME _c2017 |
||
| 300 |
_aIslamabad _bNUST College of EME _e2017 |
||
| 650 |
_aMS-EM-9 MSTHESIS _969389 |
||
| 700 |
_aSupervisor Dr. Faheem Qaisar Jamal _969764 |
||
| 942 | _cCF | ||
| 999 |
_c577056 _d577056 |
||